Länder, die Japan schlagen - Statistiken

Allgemein
  • Dieses Quiz wurde 527 mal gespielt
  • Das Durchschnittsergebnis liegt bei 10 aus 17
Antwortstatistiken
Rang Hinweis Antwort % Korrekt
4 Größte Wirtschaft (Kaufkraftparität) China | Vereinigte Staaten | Indien
100%
8 Meiste Erdbebentote im 21. Jahrhundert Indonesien | Haiti | China | Pakistan | Indien | Sri Lanka | Iran
90%
14 Östlichster Punkt an Land (nach Breitengrad) Fidschi | Russland | Tuvalu | Vereinigte Staaten | Neuseeland | Kiribati | Marshallinseln | Vanuatu | Salomonen | Australien | Nauru | Föderierte Staaten von Mikronesien | Papua-Neuguinea
85%
2 Bevölkerungsreichster Inselstaat Indonesien
77%
3 Höchste Anzahl aktiver Vulkane Vereinigte Staaten | Indonesien
72%
5 Meiste tropische Wirbelstürme, die das Land seit 1970 heimgesucht haben Vereinigte Staaten | China | Philippinen | Mexiko
69%
2 Meiste Restaurants mit einem Michelin Stern Frankreich
64%
3 Die meisten Menschen, die einen Marathon in weniger als 2:10 Stunden gelaufen sind Kenia | Äthiopien
62%
2 Niedrigste Mordrate seit 2000
Hinweis: #1 hatte keine Mordfälle
Vatikanstadt
54%
3 Höchste Handelsbilanz (Exporte minus Importe) Deutschland | China
52%
2 Häufigstes Ziel für chinesische Touristen (2023) Südkorea
51%
7 Niedrigste Fettleibigkeitsrate Vietnam | Bangladesch | Osttimor | Indien | Kambodscha | Nepal
41%
3 Flagge, die die höchste Prozentzahl an Weiß hat Zypern | Afghanistan
39%
3 Höchste Lebenserwartung Monaco | Singapur
34%
5 Höchster Prozentsatz an Einwohnern, die in einer Agglomeration mit > 1 Mio. Einwohnern leben Vatikanstadt | Singapur | Kuwait | Vereinigte Arabische Emirate
28%
2 Ältestes Durchschnittsalter Monaco
25%
3 Mehr Frauen als Männer (Größter Unterschied) Russland | Vereinigte Staaten
17%
Keine übereinstimmenden Quizze gefunden
Verteilung der Resultate
Anzahl Personen mit jedem Resultat
Perzentil nach korrekt beantworteten Fragen
Ihre Resultats-Entwicklung
Sie haben dieses Quiz noch nicht gespielt